000 01416nmm a2200349 a 4500
001 ocm000681536
003 TR-IsHL
005 20201028115121.0
008 140217s2008 tu eng
007 cr cn
020 _a9789758789245
035 _a681536
_b(N$T)
050 0 4 _aHF1418.5
_b.I584 2008
090 0 4 _aHF1418.5
_b.I584 2008
245 1 0 _aInternational conference on emerging economic issues in a globalizing world: proceedings, İzmir, 2008
_h[electronic resource] /
_ced. Mark J. Prus...[et all.]
250 _a1. bs.
260 _aİzmir :
_bİzmir Ekonomi Üniversitesi,
_c2008
300 _a296 p.
650 4 _aEkonomi ve Finans
650 4 _aEconomics and Finance
650 0 _aEconomics
_x Congresses
650 0 _aEkonomi
_x Kongreler
650 0 _aInternational business enterprises
_x Developing countries
650 0 _aUluslararası ticari teşebbüsler
_x Gelişmekte olan ülkeler
650 0 _aGlobalization
_x Economic aspects
_x Developing countries
650 0 _aKüreselleşme
_x Ekonomik yönleri
_x Gelişmekte olan ülkeler
650 0 _aDeveloping countries
_x Foreign economic relations
650 0 _aGelişmekte olan ülkeler
_x Dış ekonomik ilişkiler
650 7 _aBUSINESS & ECONOMICS / Economic Conditions
_2bisacsh
700 1 _aPrus, Mark J.
856 4 0 _uhttp://search.ebscohost.com/login.aspx?direct=true&scope=site&db=e011xww&AN=681536
999 _c79
_d79